<?xml version="1.0" encoding="UTF-8"?>
<record
    xmlns:xsi="http://www.w3.org/2001/XMLSchema-instance"
    xsi:schemaLocation="http://www.loc.gov/MARC21/slim http://www.loc.gov/standards/marcxml/schema/MARC21slim.xsd"
    xmlns="http://www.loc.gov/MARC21/slim">

  <leader>00935nam a22001697a 4500</leader>
  <controlfield tag="003">LK-CoMWRAF</controlfield>
  <controlfield tag="008">231211b        |||||||| |||| 00| 0 eng d</controlfield>
  <datafield tag="020" ind1=" " ind2=" ">
    <subfield code="a">9556250107</subfield>
  </datafield>
  <datafield tag="040" ind1=" " ind2=" ">
    <subfield code="a">LK-CoMWRAF</subfield>
    <subfield code="d">LK-CoMWRAF</subfield>
    <subfield code="e">LK-CoMWRAF</subfield>
  </datafield>
  <datafield tag="041" ind1=" " ind2=" ">
    <subfield code="a">tam</subfield>
  </datafield>
  <datafield tag="082" ind1=" " ind2=" ">
    <subfield code="a">370</subfield>
    <subfield code="b">ILA</subfield>
  </datafield>
  <datafield tag="111" ind1=" " ind2=" ">
    <subfield code="a">Proceedings of the National Conference on Muslim Education in Sri Lanka</subfield>
    <subfield code="c">Colombo </subfield>
    <subfield code="d"> 19-20 November, 1994.</subfield>
  </datafield>
  <datafield tag="245" ind1=" " ind2=" ">
    <subfield code="a">&#xB87;&#xBB2;&#xB99;&#xBCD;&#xB95;&#xBC8;&#xBAF;&#xBBF;&#xBB2;&#xBCD; &#xBAE;&#xBC1;&#xBB8;&#xBCD;&#xBB2;&#xBC0;&#xBAE;&#xBCD; &#xB95;&#xBB2;&#xBCD;&#xBB5;&#xBBF; : </subfield>
    <subfield code="b">&#xBAA;&#xBC6;&#xBA3;&#xBCD; &#xB95;&#xBB2;&#xBCD;&#xBB5;&#xBBF;&#xBAF;&#xBC1;&#xBAE;&#xBCD; &#xB89;&#xBAF;&#xBB0;&#xBCD; &#xB95;&#xBB2;&#xBCD;&#xBB5;&#xBBF;&#xBAF;&#xBC1;&#xBAE;&#xBCD; : &#xB87;&#xBB2;&#xB99;&#xBCD;&#xB95;&#xBC8; &#xBAE;&#xBC1;&#xBB8;&#xBCD;&#xBB2;&#xBC0;&#xBAE;&#xBCD;&#xB95;&#xBB3;&#xBBF;&#xBA9;&#xBCD; &#xB95;&#xBB2;&#xBCD;&#xBB5;&#xBBF;&#xBA8;&#xBBF;&#xBB2;&#xBC8; &#xBA4;&#xBCA;&#xB9F;&#xBB0;&#xBCD;&#xBAA;&#xBBE;&#xBA9; &#xBA4;&#xBC7;&#xB9A;&#xBBF;&#xBAF; &#xB95;&#xBB2;&#xBCD;&#xBB5;&#xBBF; &#xBAE;&#xBBE;&#xBA8;&#xBBE;&#xB9F;&#xBCD;&#xB9F;&#xBC1;&#xB95;&#xBCD;&#xB95;&#xBC1; &#xB95;&#xB9F;&#xBCD;&#xB9F;&#xBC1;&#xBB0;&#xBC8;&#xB95;&#xBB3;&#xBCD;</subfield>
  </datafield>
  <datafield tag="260" ind1=" " ind2=" ">
    <subfield code="a">Colombo :</subfield>
    <subfield code="b">Muslim Women's Research and Action Forum - MWRAF,</subfield>
    <subfield code="c">2000</subfield>
  </datafield>
  <datafield tag="700" ind1=" " ind2=" ">
    <subfield code="a">&#xBB9;&#xBB8;&#xBCD;&#xBAA;&#xBC1;&#xBB2;&#xBCD;&#xBB2;&#xBBE;, &#xB8E;&#xBB8;&#xBCD;.&#xB8E;&#xB9A;&#xBCD;.</subfield>
    <subfield code="e">ed.</subfield>
  </datafield>
  <datafield tag="942" ind1=" " ind2=" ">
    <subfield code="c">BK</subfield>
  </datafield>
  <datafield tag="952" ind1=" " ind2=" ">
    <subfield code="0">0</subfield>
    <subfield code="1">0</subfield>
    <subfield code="4">0</subfield>
    <subfield code="7">0</subfield>
    <subfield code="8">RAFP</subfield>
    <subfield code="a">MAIN</subfield>
    <subfield code="b">MAIN</subfield>
    <subfield code="d">2023-12-11</subfield>
    <subfield code="l">0</subfield>
    <subfield code="o">370 ILA</subfield>
    <subfield code="p">RAF3368</subfield>
    <subfield code="r">2023-12-11</subfield>
    <subfield code="w">2023-12-11</subfield>
    <subfield code="y">BK</subfield>
  </datafield>
  <datafield tag="952" ind1=" " ind2=" ">
    <subfield code="0">0</subfield>
    <subfield code="1">0</subfield>
    <subfield code="4">0</subfield>
    <subfield code="7">0</subfield>
    <subfield code="8">RAFP</subfield>
    <subfield code="a">MAIN</subfield>
    <subfield code="b">MAIN</subfield>
    <subfield code="d">2023-12-11</subfield>
    <subfield code="l">0</subfield>
    <subfield code="o">370 ILA</subfield>
    <subfield code="p">RAF3369</subfield>
    <subfield code="r">2023-12-11</subfield>
    <subfield code="w">2023-12-11</subfield>
    <subfield code="y">BK</subfield>
  </datafield>
  <datafield tag="952" ind1=" " ind2=" ">
    <subfield code="0">0</subfield>
    <subfield code="1">0</subfield>
    <subfield code="4">0</subfield>
    <subfield code="7">0</subfield>
    <subfield code="8">RAFP</subfield>
    <subfield code="a">MAIN</subfield>
    <subfield code="b">MAIN</subfield>
    <subfield code="d">2023-12-11</subfield>
    <subfield code="l">0</subfield>
    <subfield code="o">370 ILA</subfield>
    <subfield code="p">RAF3370</subfield>
    <subfield code="r">2023-12-11</subfield>
    <subfield code="w">2023-12-11</subfield>
    <subfield code="y">BK</subfield>
  </datafield>
  <datafield tag="999" ind1=" " ind2=" ">
    <subfield code="c">4354</subfield>
    <subfield code="d">4354</subfield>
  </datafield>
</record>
